000 00296nam a2200109Ia 4500
008 201223s9999 xx 000 0 und d
100 _aPearson, M N
245 0 _aCoastal western India: studies from the portuguese records
260 _aNew Delhi
_bConcept Publishing
300 _a149
942 _cBK
999 _c8293
_d8293